[Event "Aragon-chT Preferente Gr I"]
[Site "Aragon"]
[Date "2023.01.28"]
[Round "1.47"]
[White "Perez Tomas, Juan Manuel"]
[Black "Arino Castan, Federico"]
[Result "1-0"]
[WhiteElo "1807"]
[BlackElo "1612"]
[PlyCount "28"]
[EventDate "2023.01.28"]
[EventType "team-tourn"]
[EventRounds "9"]
[EventCountry "ESP"]
[SourceTitle "EXT 2024"]
[Source "ChessBase"]
[SourceDate "2023.10.10"]
[SourceVersion "1"]
[SourceVersionDate "2023.10.10"]
[SourceQuality "1"]
[WhiteTeam "Marcos Frechin II"]
[BlackTeam "Binefar"]
[WhiteTeamCountry "ESP"]
[BlackTeamCountry "ESP"]

1. e4 e6 2. d4 d5 3. Bd3 c5 4. exd5 exd5 5. Nf3 Nc6 6. 0-0 Be6 7. Re1 c4 8. Bf5 Qc8 9. Ng5 Nd8 10. Qh5 g6 11. Nxe6 Nxe6 12. Bxg6 fxg6 13. Qe5 Ne7 14. Qxh8 Qc7 1-0